[Event "LSS BI-2009-P-00002"]
[Site "LSS email"]
[Date "2009.04.19"]
[Round "?"]
[White "Sabaxtarischvili, Rostom"]
[Black "Bielderman, Guy"]
[Result "0-1"]
[WhiteElo "1379"]
[BlackElo "1742"]
[PlyCount "22"]
[EventDate "2009.04.20"]
[EventType "tourn (corr)"]
[EventRounds "10"]
[EventCountry "GER"]
[SourceTitle "Corr 2013"]
[Source "ChessBase"]
[SourceDate "2012.11.12"]
[SourceVersion "1"]
[SourceVersionDate "2012.11.12"]
[SourceQuality "1"]
[WhiteTeam "US of America"]
[BlackTeam "US of America"]
[WhiteTeamCountry "USA"]
[BlackTeamCountry "USA"]

1. d4 Nf6 2. Nf3 e6 3. g3 b5 4. c3 Bb7 5. Bg2 c5 6. 0-0 Na6 7. Bf4 Nd5 8. e3 Nxf4 9. exf4 Be7 10. Qd3 c4 11. Qc2 d5 0-1

[Event "LSS BI-2009-P-00002"]
[Site "LSS email"]
[Date "2009.04.19"]
[Round "?"]
[White "Sabaxtarischvili, Rostom"]
[Black "Launhardt, Wolfgang"]
[Result "0-1"]
[WhiteElo "1379"]
[BlackElo "1758"]
[PlyCount "44"]
[EventDate "2009.04.20"]
[EventType "tourn (corr)"]
[EventRounds "10"]
[EventCountry "GER"]
[SourceTitle "Corr 2011"]
[Source "ChessBase"]
[SourceDate "2010.08.31"]
[SourceVersion "1"]
[SourceVersionDate "2010.08.31"]
[SourceQuality "1"]

1. c4 e5 2. Nc3 Nf6 3. Nf3 Nc6 4. g3 Bb4 5. Bg2 0-0 6. 0-0 d6 7. d3 Be6 8. Ng5 Bg4 9. Be3 Nd4 10. Bxd4 exd4 11. Nb5 Bc5 12. Bxb7 Rb8 13. Bf3 a6 14. b4 axb5 15. bxc5 bxc4 16. dxc4 dxc5 17. a4 Bxf3 18. Nxf3 Ne4 19. a5 Ra8 20. Qd3 Re8 21. a6 Ra7 22. e3 dxe3 0-1

[Event "LSS BI-2009-P-00002"]
[Site "LSS email"]
[Date "2009.04.19"]
[Round "?"]
[White "Soreghy, Janos"]
[Black "Sabaxtarischvili, Rostom"]
[Result "1-0"]
[WhiteElo "1897"]
[BlackElo "800"]
[PlyCount "41"]
[EventDate "2009.04.20"]
[EventType "tourn (corr)"]
[EventRounds "10"]
[EventCountry "GER"]
[SourceTitle "Corr 2011"]
[Source "ChessBase"]
[SourceDate "2010.08.31"]
[SourceVersion "1"]
[SourceVersionDate "2010.08.31"]
[SourceQuality "1"]

1. e4 c5 2. Nf3 Nc6 3. d4 cxd4 4. Nxd4 Nf6 5. Nc3 d6 6. Bg5 e6 7. Qd2 Be7 8. 0-0-0 0-0 9. f4 Nxd4 10. Qxd4 Qa5 11. Kb1 Rd8 12. Qd2 Qb6 13. Qe1 h6 14. Bh4 a6 15. Bd3 Qc5 16. Rf1 Bd7 17. e5 dxe5 18. fxe5 Nd5 19. Qe4 Nxc3+ 20. bxc3 g6 21. Rxf7 1-0

[Event "LSS ZN-2009-0-00560"]
[Site "LSS email"]
[Date "2009.03.13"]
[Round "?"]
[White "McGuire, Paul"]
[Black "Sabaxtarischvili, Rostom"]
[Result "0-1"]
[WhiteElo "564"]
[BlackElo "1379"]
[PlyCount "48"]
[EventDate "2009.03.02"]
[EventType "match (corr)"]
[EventRounds "2"]
[EventCountry "GER"]
[SourceTitle "Corr 2011"]
[Source "ChessBase"]
[SourceDate "2010.08.31"]
[SourceVersion "1"]
[SourceVersionDate "2010.08.31"]
[SourceQuality "1"]

1. d4 Nf6 2. c4 e6 3. Bf4 d5 4. cxd5 Nxd5 5. Bg3 Nc6 6. e4 Bb4+ 7. Nd2 Nf6 8. d5 Nxe4 9. Ngf3 Nd4 10. Bf4 Qf6 11. Be3 Nxf3+ 12. gxf3 Nxd2 13. Bxd2 Qxb2 14. Bxb4 Qxb4+ 15. Qd2 Qxd2+ 16. Kxd2 exd5 17. Re1+ Be6 18. Bd3 c5 19. f4 g6 20. h4 0-0-0 21. f3 c4 22. Bc2 d4 23. a4 c3+ 24. Kd3 Bf5+ 0-1

[Event "LSS OP-2009-0-00777"]
[Site "LSS email"]
[Date "2009.03.03"]
[Round "?"]
[White "Sabaxtarischvili, Rostom"]
[Black "Pegado, Sergio Rodrigo"]
[Result "1-0"]
[WhiteElo "800"]
[BlackElo "928"]
[PlyCount "21"]
[EventDate "2009.02.28"]
[EventType "tourn (corr)"]
[EventRounds "4"]
[EventCountry "GER"]
[SourceTitle "Corr 2013"]
[Source "ChessBase"]
[SourceDate "2012.11.12"]
[SourceVersion "1"]
[SourceVersionDate "2012.11.12"]
[SourceQuality "1"]

1. e4 e6 2. d4 d5 3. Nd2 Nf6 4. Bd3 c5 5. e5 Nfd7 6. c3 b6 7. Ne2 Ba6 8. Bxa6 Nxa6 9. 0-0 cxd4 10. Nxd4 Nac5 11. f4 1-0